000 00422nam a2200169Ia 4500
001 10668
003 IN-NITTTR
005 20251114233059.0
008 251113s9999||||xx |||||||||||||| ||eng||
040 _beng
040 _cIN-NITTTR
041 _aeng
082 _a500 O2R
100 _aOpen University,
245 4 _aThe Roots of Present-day Science :
_b an essey by J.R.Ravetz. /
_cOpen University
942 _2ddc
_cBK
999 _c13305
_d13305